000 00816cam a2200253 4500
001 ABS68389
008 041027n2004 000 0 eng u
035 _a(Sirsi) u127836
100 _aHorvath, M.
245 _aCAP mid-term review
260 _c2004
490 _aFarmland Market
_v(62) Autumn 2004, 10-14(5)
520 _aTwo articles looking at the CAP mid-term review. "Black holes in the mid-term review" is from a solicitor's point of view while "Mid-term review and beyond: a tax update" looks at it from an accountant's point of view.
590 _aABS
590 _aABS
650 _aCOMMON AGRICULTURAL POLICY
650 _aCAP REFORM
650 _aSOLICITORS
650 _aACCOUNTANTS
650 _aFARMING INDUSTRY
690 _aRURAL
_96268
700 _aHarrison, M.
942 _n0
999 _c118235
_d118235